000 00650nam a22002057a 4500
999 _c61719
_d61719
005 20240422103953.0
008 240422s2004 enk||||| |||| 00| 0 eng d
020 _a9780323036498x
041 _aeng
080 _a612.6 C-22
100 _aCarlson, Bruce M.
_97176
245 _aHuman Embryology and Developmental Biology /
_cBruce M. Carlson.
250 _a3rd Edition
264 _aPhiladelphia :
_b‎Mosby,
_c2004.
300 _a528 p. :
_bill.;
_c28 cm.
653 _aადამიანის ემბრიოლოგია
653 _aმედიცინა
653 _aბიოლოგია
942 _2udc
_cᲬᲘᲒᲜᲘ